| 000 | 00000nam##2200000za#4500 |
| 001 | 9.650225 |
| 003 | CaOODSP |
| 005 | 20210615114215 |
| 007 | ta |
| 008 | 150407|2007||||xxc||||| f|0| 0 eng|d |
| 020 | |a0-662-43695-4 |
| 040 | |aCaOODSP|beng |
| 043 | |an-cn--- |
| 086 | 1 |aR64-340/2006E |
| 110 | 2 |aParks Canada. |
| 245 | 10|aForges du Saint-Maurice National Historic Site of Canada - management plan / |cLa Mauricie Field Unit. |
| 260 | |aQuébec - Quebec : |bParks Canada |cOctober 2007. |
| 300 | |a63p. : |bcoloured maps, illus., maps (some folded), references, photographs ; |c28 cm. |
| 520 | 3 |aThis management plan is a strategic guide for the future management and conservation of this national historic site. It provides a five-year strategy that follows legislative and policy requirements while addressing local issues and circumstances. The plan includes information about the site’s history and value as a cultural resource; its operating environment and programming; strategies for retaining its integrity; future plans; and an environmental assessment summary. |
| 563 | |aSoftcover |
| 590 | |a07-50|b2007-12-14 |
| 690 | 07|aHistoric sites|2gcpds |
| 775 | 08|tLieu historique national du Canada des Forges-du-Saint-Maurice - plan directeur / |w(CaOODSP)9.683348 |
| 776 | 0#|tForges du Saint-Maurice National Historic Site of Canada |w(CaOODSP)9.822488 |